000 00536nam a2200205Ia 4500
003 IIN
005 20250429120836.0
008 250429s9999 xx 000 0 und d
020 _cRs.1495.00
_a9789394792920
040 _aIIN
_bEnglish
082 _a579.0282
_bBAV
100 1 _aBaveja, C.P.
245 1 _aTextbook of Microbiology for Nursing /
_cC.P. Baveja
250 _a7th ed.
260 _aNew Delhi
_bArya
_c2024
300 _a294 p.
_bcol. ill.
500 _aIncludes Index
650 1 _aMicrobiology
_vNursing
942 _cBOOK
999 _c1768
_d1768